000 00974nam a2200241Ia 4500
999 _c37475
_d37475
001 3436
003 GE_BSU
005 20190617141835.0
008 181216s1992||||ge |||||||||||||| ||geo||
020 _a55239010350
040 _cGE_BSU
041 _ageo
080 _a631.8 ზ–33
100 _aზარდალიშვილი, ო.
_92501
245 _aსასუქების გამოყენება და გარემო /
_cრედ. ი. მღებრიშვილი.
264 _aთბილისი :
_bსაქართველო,
_c1992.
300 _a150 გვ. ;
_b20 სმ.
653 _aსასუქები
653 _aსოფლის მეურნეობის ქიმიზაცია საქართველოში
700 _aურუშაძე, თ.
_eავტორი
_920
700 _aმღებრიშვილი, ი.
_eრედაქტორი
_92514
942 _cBK
_2udc